Szellemi köszörűkő: Lukács jugoszláviai népszerűségéről
Elmentve itt :
| Szerző: | |
|---|---|
| Adatforrás: | Philobibl |
| Forrásdokumentuma: | Magyar Szó 1985. ápr.13.,101.sz., 15.p. p. |
| Dokumentumtípus: | Cikk |
| Nyelv: | magyar |
| LEADER | 00323nab a2200097 c 4500 | ||
|---|---|---|---|
| 001 | bibDOK00022114 | ||
| 005 | 20200924121623.5 | ||
| 008 | 060518s1985 xx hun | ||
| 100 | 1 | |a Vajda Gábor | |
| 245 | 1 | 0 | |a Szellemi köszörűkő: Lukács jugoszláviai népszerűségéről |c Vajda Gábor |
| 773 | 0 | |t Magyar Szó |g 1985. ápr.13.,101.sz., 15.p. p. | |